| 000 | 00351nam a2200145Ia 4500 | ||
|---|---|---|---|
| 008 | 230312s9999||||xx |||||||||||||| ||und|| | ||
| 020 | _a0-470-01743-0 | ||
| 082 |
_a712.6 _bTIL-M |
||
| 100 | _aTilston;Caroline | ||
| 245 | 0 | _aModern Family Gardens | |
| 260 |
_bWiley Academy _aEngland _c2006 |
||
| 300 | _a224 | ||
| 650 | _aArchitecture | ||
| 942 | _cBK | ||
| 999 |
_c11949 _d11949 |
||